| 000 | 01109nam a22002295i 4500 | ||
|---|---|---|---|
| 001 | 157112 | ||
| 003 | ES-MaACL | ||
| 005 | 20250824063052.0 | ||
| 008 | 020402s1871 sp |||| | spa d | ||
| 040 |
_aCAM _bspa _cCAM |
||
| 100 | 1 |
_aLarra y Wetoret, Luis Mariano de, _d1830-1901 _970289 |
|
| 245 | 1 | 0 |
_aJustos por pecadores _b: zarzuela en tres actos y en verso / _cpor Luis Mariano de Larra ; música de Oudrid y Marqués. |
| 260 |
_aMadrid : _b[s.n.], _c1871 ( _fimprenta de José Rodriguez) |
||
| 300 |
_a76 p. ; _c20 cm. |
||
| 500 | _aEn port.: Representada por primera vez en el teatro de la Zarzuela el día 28 de octubre de 1871. | ||
| 500 | _aSolo la letra. | ||
| 596 | _aEn verso de port. consta: "... de las galerías dramáticas y líricas de los Sres. Gullon é Hidalgo ..." | ||
| 700 | 0 |
_aOudrid, Cristóbal. _987969 |
|
| 700 | 1 |
_aMarqués, Miguel. _9129535 |
|
| 852 |
_aES-MaACL _jF-8608(3) _z-- Enc. pasta española _q-- Falto de la cub. original _z-- Enc. en un vol. facticio formando parte de la col. facticia "Teatro español moderno", vol. 63 |
||
| 999 |
_c157112 _d157112 |
||